Theory of Orlicz spaces

Αποθηκεύτηκε σε:
Λεπτομέρειες βιβλιογραφικής εγγραφής
Κύριος συγγραφέας: Rao, M. M. (Malempati Madhusudana) 1929-
Άλλοι συγγραφείς: Ren, Z. D. 1941-
Μορφή: Βιβλίο
Γλώσσα:English
Δημοσίευση: New York : M. Dekker, 1991
Σειρά:Monographs and textbooks in pure and applied mathematics ; ; 146
Θέματα:
Ετικέτες: Προσθήκη ετικέτας
Δεν υπάρχουν, Καταχωρήστε ετικέτα πρώτοι!

MARC

LEADER 00000cam a2200000 i 4500
001 1/53266
008 941103s1991 eng d
020 |a 0824784782 
035 |l 10044661 
035 |a 1993 
040 |a GR-MY-UA  |b gre  |e aacr 
041 0 |a eng 
082 0 |a 515.73 
100 1 |a Rao, M. M.  |q (Malempati Madhusudana)  |d 1929- 
245 1 0 |a Theory of Orlicz spaces /  |c M.M. Rao, Z.D. Ren 
260 |a New York :   |b M. Dekker,   |c 1991 
300 |a ix, 449 p.;  |c 24 cm 
490 1 |a Pure and Applied Mathematics: A series of monographs and textbooks  |v ; 146 
504 |a Includes bibliographical references (p. 429-441) and index 
650 0 0 |a Orlicz spaces. 
700 1 |a Ren, Z. D.  |d 1941- 
830 0 |a Monographs and textbooks in pure and applied mathematics ;  |v ; 146 
852 |a INST  |b SAMOS  |e 19941103  |h 515.73 RAO  |p 005300007618  |q 005300007618  |t BK  |y 0 
909 |a Σ  |b 030253